| 000 | 00911nam a2200325Ia 4500 | ||
|---|---|---|---|
| 003 | OSt | ||
| 005 | 20220912144543.0 | ||
| 006 | a|||||r|||| 00| 0 | ||
| 007 | ta | ||
| 008 | 220909b |||||||| |||| 00| 0 eng d | ||
| 020 | _a8185047456 (hbk) | ||
| 020 | _aSL00859648 | ||
| 024 | _a188681 | ||
| 037 | _cTextual | ||
| 040 |
_aCSL _beng _cCSL |
||
| 041 | _aeng | ||
| 082 | _aY9(J).4413, M9 | ||
| 100 | _aNaik Murahari D | ||
| 245 | 0 | _aAgrarian unrest in karnataka | |
| 260 |
_aNew Delhi _b Relince _c1989 |
||
| 300 | _axiv,134p. ill. | ||
| 490 | _aSociological publications in Honour of Dr. K Ishwaran | ||
| 500 | _aBibliography 122-127p.; Index 128-129p.; Picture 130-134p. | ||
| 650 | _a Agrarian unrest | ||
| 650 | _aSociology | ||
| 700 | _aNaik Murahari D | ||
| 942 |
_hY9(J).4413, M9 _cTEXL _2CC |
||
| 999 |
_c11858 _d11858 |
||